| 000 | 00544nam a2200193Ia 4500 | ||
|---|---|---|---|
| 003 | GCL | ||
| 008 | 140319s9999 xx 000 0 eng d | ||
| 040 |
_aGCL / _cGCL |
||
| 082 | 0 | 4 |
_a745.67 _bS E |
| 100 | 1 | _aSIJELMASSI, MOHAMED | |
| 245 | 1 | 0 |
_aENLUMINURES: DES MANUSCRITS ROYAUX AU MAROC / _cSIJELMASSI, MOHAMED |
| 700 | 1 | _aMIQUEL, ANDRE | |
| 260 |
_a[S.N] : _bACR EDITION INERNAIONALE ، _c1987 |
||
| 300 | _a236 P | ||
| 650 | 0 | 4 | _aDECORAIVE ART - MAROC |
| 650 | 0 | 4 | _aARTS |
| 650 | 0 | 4 | _aDECORATIVE MANUSCRIPTS - MAROCO |
| 942 |
_2ddc _cBK |
||
| 999 |
_c14007 _d14007 |
||